=LDR 00000nam 2200000 4500 =001 INLIS000000000006335 =005 20251107083450 =035 ##$$a 0010-1125000209 =007 ta =008 251107###########################0#ind## =082 ##$$a 618.107 =084 ##$$a 618.107 BAD s =100 #$$a Badan Koordinasi Keluarga Berencana Nasional =245 1#$$a Sambutan Ketua PKMI Pusat Pada Peresmian Pusat Rekanalisasi FKUI /$c Badan Koordinasi Keluarga Berencana Nasional =260 ##$$a Jakarta :$b Badan Koordinasi Keluarga Berencana Nasional,$c 1987 =300 ##$$a 4 Hal : $b Ilus ; $c 21 =650 #4$$a Keluarga Berencana =856 ##$$a Perpustakaan Kemendukbangga